000 01122naa a2200265 i 4500
001 193745
003 ES-MaACL
005 20240312062559.0
007 t|
008 240208s1902 sp ||||1| spa d
040 _aES-MaACL
_bspa
_cES-MaACL
100 1 _aMoret, Segismundo,
_d1833-1913
_9162747
_eaut
245 1 1 _a[Discurso de Segismundo Moret]
260 _aMadrid :
_bMinisterio de Instrucción Pública y Bellas Artes,
_c1902
300 _a4 páginas ;
_c30 cm
336 _2rdacontent
_atexto
337 _2rdamedia
_asin mediación
338 _2rdacarrier
_avolumen
500 _aFotocopia del discurso de Segismundo Moret. En: Discursos leídos el día 24 de mayo de 1902 en el solemne Festival Académico celebrado en el Palacio de la Biblioteca y Museos Nacionales, con motivo de la entrada en la mayor edad de S.M. el Rey D. Alfonso XIII. Madrid: Ministerio de Instrucción Pública y Bellas Artes, 1902, p. [145]-147
501 _a.
610 2 4 _aAteneo de Madrid-
_vConferencias-
_y1900-1939
_91907
942 _2udc
_cANAM
_n0
999 _c193745
_d193745